История изобразительного искусства Востока

Detalhes bibliográficos
Autor principal: Фань Мэн
Resumo:Книга на китайском языке.
Idioma:chinês
Publicado em: Пекин, Молодежь, 2005
Colecção:Библиотека Китая
Assuntos:
Formato: Livro
KOHA link:https://koha.lib.tpu.ru/cgi-bin/koha/opac-detail.pl?biblionumber=118328

MARC

LEADER 00000nam0a2200000 4500
001 118328
005 20231101215449.0
010 |a 7500660138 
035 |a (RuTPU)RU\TPU\book\128046 
090 |a 118328 
100 |a 20070609d2005 km y0chiy50 ea 
101 0 |a chi 
102 |a CN 
105 |a y z 000zy 
200 1 |a История изобразительного искусства Востока  |f Фань Мэн 
210 |a Пекин  |c Молодежь  |d 2005 
215 |a 452 с. 
225 1 |a Библиотека Китая 
300 |a Книга на китайском языке. 
606 |a Искусство  |x История  |2 stltpush  |3 (RuTPU)RU\TPU\subj\13188  |9 39839 
610 1 |a история 
610 1 |a изобразительное искусство 
610 1 |a Восток 
675 |a 7.03  |v 3 
700 0 |a Фань Мэн 
801 1 |a RU  |b 63413507  |c 20070609  |g PSBO 
801 2 |a RU  |b 63413507  |c 20190911  |g PSBO 
942 |c BK